000 00359 a2200157 4500
001 155434
040 _cEscola São Tomás de Aquino
100 _aCEREJA, William Roberto
240 1 0 _aPortuguês linguagens
_lpor
245 1 0 _aPortuguês linguagens
300 _a264
362 0 _a2010
440 1 _aAtual
697 _aLíngua portuguesa
942 _cBK
999 _c155434
_d155434